Statistics for Cities and Towns in New Zealand by their Namesake Picture Quiz

Click here to take the quiz!

General Stats

  • This quiz has been taken 10 times
  • The average score is 8 of 17

Answer Stats

Answer% Correct
Wellington
89%
Auckland
78%
Christchurch
78%
Cromwell
78%
Dunedin
78%
Hamilton
56%
Nelson
56%
Queenstown
56%
Hastings
44%
Gore
33%
Greymouth
33%
Palmerston North
33%
Alexandra
22%
Gisborne
22%
Invercargill
22%
Napier
22%
New Plymouth
22%

Score Distribution

Percentile by Number Answered

Percent of People with Each Score

Your Score History

You have not taken this quiz